000 01582nam a22004217a 4500
001 000095347
003 CHAP
005 20220329143106.0
008 060306d2005 mx r 00110 spa d
010 _a91813
011 _a92785
035 _a103351
040 _cCHAP
090 _aTesis
100 1 _aVillanueva López, Gilberto.
_9119499
245 1 0 _aModelos de transferencia tecnológica para la ganadería bovina en el Plan Balancán-Tenosique, Tabasco /
_c/por Gilberto Villanueva López.
260 _aSan Cristóbal de Las Casas, Chiapas :
_bEl autor,
_c2005.
300 _a172 h.
502 _aTesis (M. C. en Desarrollo Rural Regional) - - UACH. Dirección de Centros Regionales Universitarios
590 _aALEPH
_b10
_c20130110
_lUCH01
_h1509
590 _aBATCH-UPD
_b10
_c20130110
_lUCH01
_h0556
590 _aBATCH-UPD
_b10
_c20130410
_lUCH01
_h0237
590 _aBATCH-UPD
_b10
_c20130914
_lUCH01
_h1156
590 _aBATCH-UPD
_b10
_c20140324
_lUCH01
_h1454
590 _aBATCH-UPD
_b10
_c20141002
_lUCH01
_h0829
590 _aCONVERSION
_b10
_c20130109
_lUCH01
_h1351
590 _aE12093SGE
_b10
_c20130709
_lUCH01
_h0955
650 1 4 _aDesarrollo rural.
_932067
650 1 4 _aGanadería
_xInnovaciones tecnológicas.
_944755
650 1 4 _aGanado vacuno
_zTabasco.
_945533
856 _3Finding aid
_uhttp://10.13.5.2/tesis/103351.pdf
_zTeclea aquí
901 _aBK
905 _aLilia
942 _cFOLL
942 _n0
949 _aTesis
_bBC
_cTES
_d33724000979662
_eTS2
_fc.2
_h44779
_i103351
_si
949 _aTesis
_bBC
_cTES
_d33724000979720
_eTS1
_h44778
_i103351
_sb
999 _c91813
_d91813